Окислительное обезвреживание мышьякорганических соединений; Химия и химическая технология в XXI веке

Bibliographische Detailangaben
Parent link:Химия и химическая технология в XXI веке.— 2009.— С. 301-302
1. Verfasser: Флусова Е. А.
Weitere Verfasser: Зикирина Л. Н. (научный руководитель), Штыкина А. В., Новиков А. В.
Sprache:Russisch
Veröffentlicht: 2009
Schlagworte:
Format: MixedMaterials Buchkapitel
KOHA link:https://koha.lib.tpu.ru/cgi-bin/koha/opac-detail.pl?biblionumber=173864

MARC

LEADER 00000naa2a2200000 4500
001 173864
005 20231031164530.0
035 |a (RuTPU)RU\TPU\book\188552 
090 |a 173864 
100 |a 20100111d2009 k y0rusy50 ca 
101 0 |a rus 
102 |a RU 
200 1 |a Окислительное обезвреживание мышьякорганических соединений  |f Е. А. Флусова, Л. Н. Зикирина, А. В. Штыкина  |g науч. рук. А. В. Новиков 
320 |a Библиогр.: 3 назв. 
463 0 |0 (RuTPU)RU\TPU\book\176321  |t Химия и химическая технология в XXI веке  |o X Юбилейная всероссийская научно-практическая конференция студентов и аспирантов, г. Томск, 13-15 мая 2009 г.  |f Томский политехнический университет (ТПУ) ; Химия и химическая технология в XXI веке  |v С. 301-302  |d 2009  |p 322 с. 
610 1 |a отходы 
610 1 |a мышьякорганические соединения 
610 1 |a обезвреживание 
610 1 |a окисление 
610 1 |a труды учёных ТПУ 
700 1 |a Флусова  |b Е. А. 
701 1 |a Зикирина  |b Л. Н. 
701 1 |a Штыкина  |b А. В. 
702 1 |a Новиков  |b А. В.  |4 727 
801 1 |a RU  |b 63413507  |c 20100111 
942 |c BK